Todas las películas de Studio Ghibli - Estadísticas

Estadísticas generales
  • Esta prueba ha sido intentada 107 veces
  • La puntuación promedio es 14 de 24
Estadísticas de respuestas
Año Película % Correcto
2004 El castillo ambulante / El increíble castillo vagabundo
93%
1988 Mi vecino Totoro
91%
2001 El viaje de Chihiro
90%
1997 La princesa Mononoke
90%
2008 Ponyo en el acantilado / Ponyo y el secreto de la sirenita
76%
1992 Porco Rosso
74%
2023 El chico y la garza / El niño y la garza
70%
1988 La tumba de las luciérnagas
70%
1986 El castillo en el cielo
67%
2013 El cuento de la princesa Kaguya
59%
2013 El viento se levanta / Se levanta el viento
56%
1989 Nicky, la aprendiz de bruja / Kiki, entregas a domicilio
56%
1984 Nausicäa del valle del viento
55%
2014 El recuerdo de Marnie
48%
2010 Arriety y el mundo de los diminutos / El mundo secreto de Arriety
46%
1994 Pompoko
45%
1995 Susurros del corazón
41%
2006 Cuentos de Terramar
40%
2002 Haru en el reino de los gatos / El regreso del gato
39%
2011 La colina de las amapolas
38%
1991 Recuerdos del ayer
35%
1999 Mis vecinos los Yamada
30%
1993 Puedo escuchar el mar
27%
2020 Earwig y la bruja
24%
No se encontraron pruebas coincidentes
Distribución de puntuación
Porcentaje de gente con cada puntuación
Porcentaje por número respondido
Historial de tus puntuaciones
No has intentado esta prueba.